MARC

LEADER 00000nam0a2200000 4500
001 32351
005 20231030204837.0
010 |a 5211004574 
035 |a (RuTPU)RU\TPU\book\32647 
035 |a BOOK00000043 
090 |a 32351 
100 |a 20011210d1992 k y0rusy50 ca 
101 0 |a rus 
102 |a RU 
105 |a a 001|y 
200 1 |a Космическое землеведение  |f Под ред. В. А. Садовничего 
210 |a Москва  |c Изд-во МГУ  |d 1992 
215 |a 266 с.  |c граф 
320 |a Библиогр.: с. 258-265. 
517 1 |a Геофизические основы 
610 1 |a космическая геодезия 
610 1 |a космическая геофизика 
610 1 |a космическое землеведение 
610 1 |a природная среда 
610 1 |a исследования 
610 1 |a космические средства 
610 1 |a Земля 
610 1 |a оболочки 
610 1 |a зондирование дистанционное 
610 1 |a спутниковые методы 
675 |a 528.2:629.78  |v 3 
702 1 |a Садовничий  |g Виктор Антонович 
801 0 |a RU  |b 63413507  |c 20011210  |g PSBO 
801 2 |a RU  |b 63413507  |c 20170112  |g PSBO 
900 |a Обработка и интерпретация данных дистанционного зондирования Земли 
942 |c BK